000 00565nam a2200169 4500
001 140053
003 ES-MaACL
005 20230906200004.0
007 t|
008 070214s1972 sp r ||||1| spa d
245 0 0 _aPalabra y mensaje del Antiguo Testamento
_b: introducción a su problemática /
_cJosef Schreiner ; versión de Marciano Villanueva.
260 _aBarcelona :
_bHerder,
_c1972.
300 _a570 p. ;
_c22 cm +
_e1 map.
700 1 _aSchreiner, Josef.
_9104699
700 1 _aVillanueva, Marciano.
_9115029
852 _aES-MaACL
_jC-42757
_bR.81783
999 _c140053
_d140053